Southville International School and Colleges
Your cart is empty.
  • Cart
  • Lists
    Public lists Eva Luna New books Lux_list list_1
    Your lists Log in to create your own lists
  • Log in to your account
  • Your cookies
  • Search history
Southville International School and Colleges
  • Advanced search
  • Recent comments
  • Most popular
  • Libraries

Log in to your account

Log in with GOOGLE


If you do not have an external account, but do have a local account, you can still log in:

  1. Home
  2. MARC view: Billy Graham talks to teen-agers.
Normal view MARC view ISBD view

Billy Graham talks to teen-agers. (Record no. 15112)

[ view plain ]
MARC details
000 -LEADER
fixed length control field 00892cam a22002891 4500
001 - CONTROL NUMBER
control field 6089391
003 - CONTROL NUMBER IDENTIFIER
control field OSt
005 - DATE AND TIME OF LATEST TRANSACTION
control field 20140310182656.0
008 - FIXED-LENGTH DATA ELEMENTS--GENERAL INFORMATION
fixed length control field 790215s1958 ilu 000 0 eng
010 ## - LIBRARY OF CONGRESS CONTROL NUMBER
LC control number 61000588
035 ## - SYSTEM CONTROL NUMBER
System control number (OCoLC)4658613
040 ## - CATALOGING SOURCE
Original cataloging agency DLC
Transcribing agency Ok
Modifying agency OCoLC
-- DLC
042 ## - AUTHENTICATION CODE
Authentication code premarc
050 00 - LIBRARY OF CONGRESS CALL NUMBER
Classification number BV 45312
Item number .G738 1958
082 ## - DEWEY DECIMAL CLASSIFICATION NUMBER
Classification number M 248.83
Item number G76 1958
100 1# - MAIN ENTRY--PERSONAL NAME
Personal name Graham, Billy,
Dates associated with a name 1918-
245 10 - TITLE STATEMENT
Title Billy Graham talks to teen-agers.
Statement of responsibility, etc Graham, Billy
260 ## - PUBLICATION, DISTRIBUTION, ETC. (IMPRINT)
Place of publication, distribution, etc Wheaton, Ill.,
Name of publisher, distributor, etc Miracle Books; distributed by Zondervan Pub. House, Grand Rapids
Date of publication, distribution, etc [c1958]
300 ## - PHYSICAL DESCRIPTION
Extent 60 p.
Dimensions 19 cm.
521 ## - TARGET AUDIENCE NOTE
Target audience note
526 ## - STUDY PROGRAM INFORMATION NOTE
Reading level 1210L to 1700L
541 ## - IMMEDIATE SOURCE OF ACQUISITION NOTE
-- 1
562 ## - COPY AND VERSION IDENTIFICATION NOTE
Number of copies for circulation : 1 copy in the collection
650 #0 - SUBJECT ADDED ENTRY--TOPICAL TERM
Topical term or geographic name as entry element Youth
General subdivision Religious life.
906 ## - LOCAL DATA ELEMENT F, LDF (RLIN)
a 7
b cbc
c oclcrpl
d u
e ncip
f 19
g y-gencatlg
942 ## - ADDED ENTRY ELEMENTS (KOHA)
Source of classification or shelving scheme Library of Congress Classification
Koha item type Books
Call number prefix
Holdings
Withdrawn status Lost status Source of classification or shelving scheme Damaged status Home library Current library Shelving location Date acquired Source of acquisition Total Checkouts Full call number Barcode Date last seen Copy number Price effective from Koha item type
    Library of Congress Classification   Archives Archives   04/18/2012 Donation   BV 45312 .G738 1958 C2044 05/15/2018 1 04/18/2012 Books

Billy Graham talks to teen-agers.

APA

Graham B., . (1958). Billy Graham talks to teen-agers. Wheaton, Ill: Miracle Books; distributed by Zondervan Pub. House, Grand Rapids.

Chicago

Graham Billy, . 1958. Billy Graham talks to teen-agers. Wheaton, Ill: Miracle Books; distributed by Zondervan Pub. House, Grand Rapids.

Harvard

Graham B., . (1958). Billy Graham talks to teen-agers. Wheaton, Ill: Miracle Books; distributed by Zondervan Pub. House, Grand Rapids.

MLA

Graham Billy, . Billy Graham talks to teen-agers. Wheaton, Ill: Miracle Books; distributed by Zondervan Pub. House, Grand Rapids. 1958.

  • Place hold
  • Print
  • Cite
  • Add to your cart (remove)
  • Save record
    BIBTEX Dublin Core MARCXML MARC (non-Unicode/MARC-8) MARC (Unicode/UTF-8) MARC (Unicode/UTF-8, Standard) MODS (XML) RIS
  • More searches
    Search for this title in:
    Other Libraries (WorldCat) Other Databases (Google Scholar) Online Stores (Bookfinder.com) Open Library (openlibrary.org)

Exporting to Dublin Core...

SOUTHVILLE LIBRARY

Southville International School and Colleges Library

1281 Tropical Ave. Cor. Luxembourg St., BF Homes International, Las Pinas City

Tel. No. 8256374 / 252358 Loc. 117/146

Powered by Koha